Bibliographie de l' art byzantin et postbyzantin : la contribution greque 1991-1996 = Βιβλιογραφία της βυζαντινής και της μεταβυζαντινής τέχνης : η ελληνική συμβολή 1991-1996
Αποθηκεύτηκε σε:
| Συγγραφή απο Οργανισμό/Αρχή: | |
|---|---|
| Άλλοι συγγραφείς: | , , |
| Μορφή: | Βιβλίο |
| Γλώσσα: | Greek French |
| Δημοσίευση: |
Αθήνα :
Ακαδημία Αθηνών, Κέντρο Ερευνας της Βυζαντινής και Μεταβυζαντινής Τέχνης,
1996
|
| Θέματα: | |
| Ετικέτες: |
Προσθήκη ετικέτας
Δεν υπάρχουν, Καταχωρήστε ετικέτα πρώτοι!
|
MARC
| LEADER | 00000nam a2200000 i 4500 | ||
|---|---|---|---|
| 001 | 1/8783 | ||
| 008 | 961121s1996 gre d | ||
| 035 | |l 10017232 | ||
| 040 | |a GR-MY-UA |b gre |e aacr | ||
| 041 | 0 | |a gre |a fre | |
| 082 | 0 | |a 709.0214016 | |
| 110 | 2 | |a Ακαδημία Αθηνών |b Κέντρο Έρευνας της Βυζαντινής και Μεταβυζαντινής Τέχνης. | |
| 245 | 1 | 0 | |a Bibliographie de l' art byzantin et postbyzantin : |b la contribution greque 1991-1996 = Βιβλιογραφία της βυζαντινής και της μεταβυζαντινής τέχνης : η ελληνική συμβολή 1991-1996 / |c Redigee par I. Bitha, A. Katsioki, E. Katsa |
| 260 | |a Αθήνα : |b Ακαδημία Αθηνών, Κέντρο Ερευνας της Βυζαντινής και Μεταβυζαντινής Τέχνης, |c 1996 | ||
| 300 | |a 183 p. | ||
| 500 | |a Publie a l'occasion du XIXe. Congres international des Etudes Byzantines. Copenhagen 1996 | ||
| 504 | |a Includes index | ||
| 650 | 0 | 0 | |a Art, Byzantine |x Bibliography. |
| 700 | 1 | |a Μπίθα, Ι. |4 edt | |
| 700 | 1 | |a Κάτσα, E. |4 edt | |
| 700 | 1 | |4 edt |a Κατσιώτη, Αγγελική. | |
| 852 | |a INST |b LESVOS |e 19961121 |h 709.0214016 BIB |p 005100012427 |q 005100012427 |t BK |y 0 | ||
| 909 | |a Λ |b 048971 | ||
| 922 | |a 1ΔΩΡ |b 199611 | ||